مثل چراغ تھا وہ / (Record no. 196259)

MARC details
000 -LEADER
fixed length control field 00742nam a22001937a 4500
005 - DATE AND TIME OF LATEST TRANSACTION
control field 20230608110730.0
010 ## - LCCN (DPL NO)
LC control number UR-12041
020 ## - INTERNATIONAL STANDARD BOOK NUMBER
International Standard Book Number 9789391238988
Terms of availability 350.00
035 ## - SYSTEM CONTROL NUMBER
System control number U-10596
037 ## - SOURCE OF ACQUISITION
Source of stock number/acquisition DBAD/PUB
082 ## - DEWEY DECIMAL CLASSIFICATION NUMBER
Classification number 840.08
245 ## - TITLE STATEMENT
Title مثل چراغ تھا وہ /
Statement of responsibility, etc مربتین - منصور احمد صدیقی اور غلام اشرف قادری
246 ## - VARYING FORM OF TITLE
Title proper/short title Misl-e-charagh tha woh /
Remainder of title compiled by Mansoor Ahmad Siddiqui [and] Ghulam Ashraf Quadri
260 ## - PUBLICATION, DISTRIBUTION, ETC. (IMPRINT)
Place of publication, distribution, etc New Delhi
Name of publisher, distributor, etc Educational Publishing House
Date of publication, distribution, etc 2021 ء
270 ## - ADDRESS
Address H.o. D1/16, Ansari Road, Darya Ganj
City New Delhi
Postal code 110002
300 ## - PHYSICAL DESCRIPTION
Extent 280 ص
Dimensions 22cm(Hb)
700 ## - ADDED ENTRY--PERSONAL NAME
Personal name قادری , غلام اشرف
942 ## - ADDED ENTRY ELEMENTS (KOHA)
Source of classification or shelving scheme Dewey Decimal Classification
Item type Urdu Bks
Call number suffix م ث ل
Edition
Classification part 840.08
Holdings
Withdrawn status Lost status Not for loan Collection code Home library Current library Date acquired Source of acquisition Cost, normal purchase price Full call number Barcode Copy number Cost, replacement price Koha item type
      Non-fiction Ashok Vihar Ashok Vihar 08/06/2023 DBAD/PUB 350.00 840.08 م ث ل U-10596 1 350.00 Urdu Bks

© Delhi Public Library
Hit Counter
free hit counter